Historia de la Cultura : (Record no. 10045)

000 -CABECERA
fixed length control field 01181nam a22002177a 4500
003 - IDENTIFICADOR DEL NÚMERO DE CONTROL
control field AR-CdUCM
008 - DATOS DE LONGITUD FIJA--INFORMACIÓN GENERAL
fixed length control field 190329b ||||| |||| 00| 0 spa d
040 ## - FUENTE DE LA CATALOGACIÓN
Agencia/entidad que catalogó originalmente la obra MUNICIPALIDAD PROVINCIAL DEL CUSCO
Entidad que transcribió la catalogación BIBLIOTECA MUNICIPAL DEL CUSCO
082 ## - NÚMERO DE LA CLASIFICACIÓN DECIMAL DEWEY
No. de Clasificación 985 /
Notacion interna V21 / 1944
100 ## - ENTRADA PRINCIPAL--NOMBRE DE PERSONA
Nombre Personal Valega, J. M.
245 ## - MENCIÓN DE TÍTULO
Título Historia de la Cultura :
Resto del título para el 5° año de media conforme al programa oficial de 1944 /
260 ## - PUBLICACIÓN, DISTRIBUCIÓN, ETC.
Lugar de publicación, distribución, etc. Lima :
Nombre de la editorial, distribuidor, etc. D. Miranda,
Fecha de publicación, distribución, etc. 1944.
300 ## - DESCRIPCIÓN FÍSICA
Nº de Páginas Extensión 2 partes ;
Otros detalles físicos cuadros sinópticos,
Dimensiones 16 cm.
505 ## - NOTA DE CONTENIDO CON FORMATO
Nota de contenido formateada Contenido: p.1: Formación histórica de Perú y de América -- Elementos culturales comunes en América precolombina -- Características generales del Perú pre-colombino ... -- p.2: La formación de las colonias Inglesas del Norte de América -- Trascendencia de la revolución Americana -- Significado de la emancipación en la historia Peruana y Americana -- La adopción del sistema republicano de gobierno en América -- elementos étnicos y culturales de las épocas prehispánica, colonial ...
650 ## - PUNTO DE ACCESO ADICIONAL DE MATERIA--TÉRMINO DE MATERIA
Descriptor Historia
9 (RLIN) 136
650 ## - PUNTO DE ACCESO ADICIONAL DE MATERIA--TÉRMINO DE MATERIA
Descriptor América
9 (RLIN) 1348
650 ## - PUNTO DE ACCESO ADICIONAL DE MATERIA--TÉRMINO DE MATERIA
Descriptor Perú
9 (RLIN) 35
650 ## - PUNTO DE ACCESO ADICIONAL DE MATERIA--TÉRMINO DE MATERIA
Descriptor Prehispánica
9 (RLIN) 26672
942 ## - ELEMENTOS DE PUNTO DE ACCESO ADICIONAL (KOHA)
Fuente de clasificación
Tipo de item Libros-BMC
945 ## - PROCESAMIENTO DE INFORMACIÓN LOCAL (OCLC)
Catalogador achl
Holdings
Estado de retiro (separado) Fuente de clasificación o esquema de estanterías Estado dañado Ubicación Sala donde se ubica Nombre de la colección Fecha de adquisición o compra Costo, precio normal en soles Signatura topográfica Código de Barras Última vez visto (Koha) Tipo de ítem (Koha)
No     Sala Cusco Antiguo Sala Cusco Antiguo Book Cart 2019-03-29 30.00 985 / V21 / p.2 / 1944 SCA0000542 2019-03-29 Libros-BMC
No     Sala Cusco Antiguo Sala Cusco Antiguo Book Cart 2019-03-29 30.00 985 / V21 / p.1 / 1944 SCA0000553 2019-03-29 Libros-BMC

Powered by Koha